The Unfinished Story of Central European Dissidence

Titel: The Unfinished Story of Central European Dissidence / Joseph Grim Feinberg
Verfasser:
In: Telos, Heft 145 (2008), Seite 47-66
alle Artikel anzeigen
Veröffentlicht: 2008
Format: Aufsatz
Sprache: Englisch
Schlagworte:
Kein Bild verfügbar
X
alg: 51594607
001A    $03025:01-03-24 
001B    $03025:01-03-24 $t07:55:23.000 
001D    $03025:01-03-24 
001U    $0utf8 
001X    $00 
002@    $0Aox 
003@    $0515946079 
006N    $000808474 
007D    $asw090105 
007I    $0swets138972524 
010@    $aeng 
011@    $a2008 
021A    $aThe @Unfinished Story of Central European Dissidence $hJoseph Grim Feinberg 
028A    $BVerfasser $#Grim Feinberg, Joseph $4aut $71169071538 $8Feinberg, Joseph Grim$Z1979- [Tp3] $943753331X 
031A    $e145 $g20 $h47-66 $j2008 
039B    $aIn $8--Abvc--. Telos. - New York, NY : Telos Press, 1968-. - ISSN 0090-6514 $x200800000000145953 $9047450401 
044K    $RMitteleuropa $RVisegrád-Staaten $ROsteuropa $#Ostmitteleuropa $#Ostmitteleuropa $#Mitteleuropa, Ost $#Central Europe Ostmitteleuropa $#Mittelosteuropa $74075753-5 $8Ostmitteleuropa [Tg1] $9085214485 
044K    $ROpposition $RDissidentin $#Dissenters $#Dissidents $#Dissident $#Nonkonformist $#Abweichler Dissident $74150218-8 $8Dissident [Ts1] $9085617881 
044K    $RWiderstand $ROppositioneller $#Opposition (Political science) $#Opposition (science politique) $#Oposición política $#Politische Opposition $#Opposition $#Politische Opposition $74043649-4 $8Opposition [Ts1] $9085122084 
044K    $#Umsetzung $74451062-7 $8Transformation [Ts1] $908884580X 
044K    $#postkommunistische Gesellschaft $#Postsozialismus $74998161-4 $8Postkommunismus [Ts1] $9134568192 
045F    $a900.9437090511 $eDDC23BSB 
045F/01 $a900 
045F/03 $f090511 
045F/03 $f09049 
045F/03 $g437 
045F/03 $g47 
045T    $a3,4 $a5,1 

lok: 51594607 78

exp: 51594607 78 1 #EPN
201B/01 $001-03-24 $t07:54:45.000 
201C/01 $001-03-24 
201U/01 $0utf8 
203@/01 $01257072080 
208@/01 $a01-03-24 $be 
209A/01 $a/ $f000 $x00 
209A/01 $ab*p $x01 
220C/01 $apgar 
244Z/01 $#Ostmitteleuropa $#Ostmitteleuropa $#Mitteleuropa, Ost $#Central Europe Ostmitteleuropa $#Mittelosteuropa $74075753-5 $8--Tg1--Ostmitteleuropa $x05 $9085214485 
247C/01 $82080>Marburg/Lahn, Herder-Institut, Forschungsbibliothek, Bibliographieportal $9336309341
LEADER 00000naa a22000002c 4500
001 515946079
003 DE-603
005 20240301075523.0
007 tu
008 240301s2008 xx |||| | u00||u|eng c
035 |a (DE-599)HEB515946079 
035 |a (NL-LiSWE)00808474 
040 |a DE-603  |b ger  |c DE-603  |d DE-603 
041 |a eng 
082 0 4 |8 1\u  |a 900.9437090511  |q DE-101  |2 23/BSB 
084 |a 3,4  |a 5,1  |2 ssgn 
085 |8 1\u  |b 900 
085 |8 1\u  |z 1  |s 090511 
085 |8 1\u  |z 1  |s 09049 
085 |8 1\u  |z 2  |s 437 
085 |8 1\u  |z 2  |s 47 
100 1 |a Feinberg, Joseph Grim  |d 1979-  |e Verfasser  |4 aut  |0 (DE-603)43753331X  |0 (DE-588)1169071538  |2 gnd 
245 0 0 |a ˜Theœ Unfinished Story of Central European Dissidence  |c Joseph Grim Feinberg 
264 0 |c 2008 
650 7 |a Dissident  |0 (DE-588)4150218-8  |0 (DE-603)085617881  |2 gnd 
650 7 |a Opposition  |0 (DE-588)4043649-4  |0 (DE-603)085122084  |2 gnd 
650 7 |a Transformation  |0 (DE-588)4451062-7  |0 (DE-603)08884580X  |2 gnd 
650 7 |a Postkommunismus  |0 (DE-588)4998161-4  |0 (DE-603)134568192  |2 gnd 
651 7 |a Ostmitteleuropa  |0 (DE-588)4075753-5  |0 (DE-603)085214485  |2 gnd 
773 0 8 |i In  |t Telos  |d New York, NY : Telos Press, 1968-  |h 23 cm  |x 0090-6514  |g Heft 145 (2008), Seite 47-66  |w (DE-603)047450401  |w (DE-600)280431-1 
924 0 |9 2080  |a (DE-603)1257072080  |b DE-2080  |c HES  |d d  |g /